| 000 | 00459 a2200157 4500 | ||
|---|---|---|---|
| 999 |
_c4185 _d4185 |
||
| 020 | _a9780826448002 | ||
| 050 | _aLB2822.8CLA2000 | ||
| 100 |
_aClarke,Paul _eauthor |
||
| 245 |
_aLearning schools, learning systems / _cPaul Clarke |
||
| 264 |
_aLondon ; New York: _bContinuum, _c2000 |
||
| 300 | _a160p. : | ||
| 500 | _aincludes index | ||
| 650 | _aEducational change. | ||
| 650 | _aEDUCATION -- Administration -- General. | ||
| 942 |
_2lcc _cBK _h2822.8 _iCLA _kLB |
||